Összemérhetetlenség, relativizmus, racionalitás
Elmentve itt :
| Szerző: | |
|---|---|
| Adatforrás: | Philobibl |
| Forrásdokumentuma: | Világosság 41 2000. 11-12., 14-20. p. |
| Dokumentumtípus: | Cikk |
| Nyelv: | magyar |
| LEADER | 00313nab a2200097 c 4500 | ||
|---|---|---|---|
| 001 | bibDOK00020109 | ||
| 005 | 20200924121428.2 | ||
| 008 | 060518s2000 xx hun | ||
| 100 | 1 | |a Margitay Tihamér | |
| 245 | 1 | 0 | |a Összemérhetetlenség, relativizmus, racionalitás |c Margitay Tihamér |
| 773 | 0 | |t Világosság 41 |g 2000. 11-12., 14-20. p. | |